LEADER 02847nam 22004811 450 001 9910796731203321 005 20200124110340.0 010 $a0-7556-9747-2 010 $a1-78673-386-2 010 $a1-78672-386-7 024 7 $a10.5040/9780755697472 035 $a(CKB)3840000000342630 035 $a(MiAaPQ)EBC5260154 035 $a(OCoLC)1021883137 035 $a(UtOrBLW)bpp09265065 035 $a(EXLCZ)993840000000342630 100 $a20200131d2010 uy 0 101 0 $aeng 135 $aurcnu|||||||| 181 $2rdacontent 182 $2rdamedia 183 $2rdacarrier 200 10$aMamluk history through architecture $emonuments, culture and politics in Medieval Egypt and Syria /$fby Nasser Rabbat 205 $aFirst edition. 210 1$aLondon ;$aNew York :$cI.B. Tauris,$d2010. 215 $a1 online resource (252 pages) 311 $a1-84511-964-9 320 $aIncludes bibliographical references. 330 $a"The most enduring testament to the Mamluk Sultanate is its architecture. Not only do Mamluk buildings embody one of the most outstanding medieval architectural traditions, Mamluk architecture is actually a key to the social history of the period. Analysing Mamluk constructions as a form of communication and documentation as well as a cultural index, "Mamluk History Through Architecture" shows how the buildings mirror the complex - and historically unique - military, political, social and financial structures of Mamluk society. With this original and authoritative study, Nasser Rabbat offers an innovative approach to the history of the Mamluks - through readings of the spectacular architecture of the period. Drawing on examples from throughout both Egypt and Syria, from the Citadel and Al-Azhar Mosque of Cairo to the Mausoleum of al-Zahir Baybars in Damascus, Rabbat demonstrates how Mamluk architecture served to reinforce visually the spirit of the counter-Crusade, when the Muslim world rebounded from the setbacks of the First Crusade. Both holistically and in case studies, Rabbat demonstrates how history is inscribed into and reflected by a culture's artefacts. This is a groundbreaking work in the study of architecture and social history in the Middle East and beyond."--Bloomsbury Publishing. 606 $aArchitecture, Mameluke$zEgypt$xHistory$yTo 1500 606 $aArchitecture, Mameluke$zSyria$xHistory$yTo 1500 606 $aArchitectural structure & design$2BIC 615 0$aArchitecture, Mameluke$xHistory 615 0$aArchitecture, Mameluke$xHistory 615 7$aArchitectural structure & design. 676 $a720.9560902 700 $aRabbat$b Nasser O.$0689459 801 0$bUtOrBLW 801 1$bUtOrBLW 906 $aBOOK 912 $a9910796731203321 996 $aMamluk history through architecture$93681961 997 $aUNINA LEADER 03593oam 2200709Ka 450 001 9910791934303321 005 20190503073404.0 010 $a1-283-52371-X 010 $a9786613836168 010 $a0-262-30568-2 024 8 $a9786613836168 035 $a(CKB)2560000000089503 035 $a(EBL)3339476 035 $a(SSID)ssj0000701661 035 $a(PQKBManifestationID)11439216 035 $a(PQKBTitleCode)TC0000701661 035 $a(PQKBWorkID)10675071 035 $a(PQKB)11628428 035 $a(MiAaPQ)EBC3339476 035 $a(OCoLC)804850527$z(OCoLC)805509955$z(OCoLC)809977156$z(OCoLC)817803231$z(OCoLC)939263794$z(OCoLC)957636121$z(OCoLC)961496752$z(OCoLC)962628947$z(OCoLC)966229271$z(OCoLC)988531298$z(OCoLC)990710997$z(OCoLC)992100490$z(OCoLC)1037932631$z(OCoLC)1038676905$z(OCoLC)1038701868$z(OCoLC)1045530589$z(OCoLC)1059038250$z(OCoLC)1066044379$z(OCoLC)1081269079 035 $a(OCoLC-P)804850527 035 $a(MaCbMITP)9222 035 $a(Au-PeEL)EBL3339476 035 $a(CaPaEBR)ebr10587996 035 $a(CaONFJC)MIL383616 035 $a(OCoLC)939263794 035 $a(EXLCZ)992560000000089503 100 $a20120806d2012 uy 0 101 0 $aeng 135 $aur|n|---||||| 181 $ctxt 182 $cc 183 $acr 200 10$aOn perceived motion and figural organization /$fMax Wertheimer ; edited by Lothar Spillmann ; with essays by Viktor Sarris, Robert Sekuler, and Lothar Spillman ; with contributions by Michael Wertheimer [and others] 210 $aCambridge, Mass. $cMIT Press$dİ2012 210 4$dİ2012 215 $a1 online resource (313 p.) 300 $a"This work by and about Max Wertheimer collects together new translations of his two most important articles and places them in both historical and contemporary contexts with contributions by Michael Wertheimer [and others]"--Provided by publisher. 311 $a0-262-01746-6 320 $aIncludes bibliographical references and indexes. 327 $aExperimental studies on seeing motion by Max Wertheimer (1912) / translation by Michael Wertheimer and K.W. Watkins -- Synopsis of Max Wertheimer's 1912 Article / by Viktor Sarris -- Motion perception : a modern view of Wertheimer's 1912 monograph / by Robert Sekuler -- Investigations on gestalt principles. II / by Max Wertheimer (1923) ; translation by Michael Wertheimer and K.W. Watkins -- Synopsis of Max Wertheimer's 1923 Article / by Viktor Sarris -- The current status of gestalt rules in perceptual research : psychophysics and neurophysiology / by Lothar Spillmann -- Epilogue : Max Wertheimer in Frankfurt, and thereafter / by Viktor Sarris. 330 $aTwo seminal articles by a founder of the Gestalt school of psychology, newly translated and accompanied by essays that connect his work to current research. 606 $aPerception 606 $aMotion perception (Vision) 606 $aGestalt psychology 610 $aNEUROSCIENCE/Visual Neuroscience 610 $aCOGNITIVE SCIENCES/Psychology/Cognitive Psychology 615 0$aPerception. 615 0$aMotion perception (Vision) 615 0$aGestalt psychology. 676 $a153.7 700 $aWertheimer$b Max$f1880-1943.$051234 701 $aSpillmann$b Lothar$01475763 701 $aWertheimer$b Michael$051235 701 $aSarris$b Viktor$01475764 701 $aSekuler$b Robert$0287899 801 0$bOCoLC-P 801 1$bOCoLC-P 906 $aBOOK 912 $a9910791934303321 996 $aOn perceived motion and figural organization$93690055 997 $aUNINA